Регионална библиотека "Любен Каравелов" - Русе

Шивачката (Запис номер 399417)

MARC детайли
000 -Лидер
Контролно поле с фиксирана дължина nam a22 a 4500
003 - Код на организацията, давaща контролен номер
Контролно поле BLK
005 - Дата и час на последна редакция
Контролно поле 20230502092743.0
008 - Елементи от данни с фиксирана дължина
fixed length control field 210301b bu |||||r|||| 00| | bu d
020 ## - Международен стандартен номер на книга ISBN
Международен стандартен номер на книга ISBN 978-954-399-286-7
040 ## - Източник на каталожния запис
Идентификатор на билиотеката - собственик на записа BLK
041 ## - Код за език
Код за езика на текст/звукозапис или на отделно заглавие Български
Код за езика КДБФ Български
080 ## - УДК
Текстов определител УДК Американска литература (на САЩ)
УДК код - определител по УДК 821.111(73)
УДК определител -31
УДК - код + определител 821.111(73)-31
100 ## - Редна дума - Автор
R(LIN) 1299
Автор Алкот, Кейт
Авторска отговорност първи автор
Пълна форма на името О'Брайън, Патрисия
139 ## - Редно поле
Редна дума Алкот, Кейт
Авторски знак Алк - А 55
245 ## - Сведения за заглавието
Заглавие Шивачката
Подзаглавни данни роман
Редно поле (дума) Кейт Алкот ; прев. от англ. Красимира Абаджиева
257 ## - Страна на издаване
Страна на създаване/издаване Съединени американски щати
260 ## - Област на издателските данни
9 (RLIN) 219405
Място на издаване, разпространение и проч. София
Име на издателя, разпространителя и проч. СББ Медиа
Година на издаване 2019
Печатница София : Ропринт
Информация за издателството Санома Блясък България
Издателство - префикс ISBN 978-954-399-
300 ## - Физическа характеристика
Страници 206 с.
Размери/Мащаб 20 см
380 ## - Жанр
Жанр Худож. лит.
490 ## - СЕРИИ (Колекции)
9 (RLIN) 207069
Име на серия Световни бестселъри
500 ## - Общи забележки
Забележка Ориг. загл.: The dressmaker / Kate Alcott. - Кейт Алкот - псевд. на авт. Patricia O'Brien. - 1. изд. 2012 на изд. Обсидиан. - Кн. се разпространява с изд. на SBB Media.
700 ## - Други автори (авторска отговорност)
Лично име Абаджиева, Красимира Светославова
9 (RLIN) 245496
852 ## - Местоположение
Форматна сигнатура Цб 306332
Фондова буква Хранилище
852 ## - Местоположение
Фондова буква Заемна - подръчен фонд
Систематично-азбучна сигнатура 821-31/ А 55 К
856 ## - Електронен адрес и достъп
Инструкция (цена за достъп) 0.00
Права за достъп disable
999 ## - СИСТЕМНИ КОНТРОЛНИ НОМЕРА
Koha biblionumber 399417
Koha biblioitemnumber 399417
942 ## - АРТИКУЛИ
Вид на библиотечния материал Книги
Скрит в OPAC Не
Периодичен библиозапис Да
Koha issues (borrowed), all copies 2
944 ## - СЪЗДАВАНЕ И РЕДАКЦИЯ на ЗАПИСА
Създаване/Редакция Създаване
Дата на регистрацията/редакция 2021-03-01
944 ## - СЪЗДАВАНЕ И РЕДАКЦИЯ на ЗАПИСА
Създаване/Редакция Редакция
Дата на регистрацията/редакция 2023-03-28
Служител, извършил регистрацията/редакцията ир
999 ## - СИСТЕМНИ КОНТРОЛНИ НОМЕРА
Koha biblioitemnumber 399417
Наличности
Код за отписване Код за изгубен артикул Източник на класификационната схема Код за повреда Коз за рестрикции Код за отдаване Артикулен № Име на библиотеката - собственик Име на библиотеката, в която се намира в момента Статус (Текущо местоположение) Дата на вписване в системата Местоположение - отдел Цена в лева Систематично азбучна сигнатура Баркод Цена в евро Служебен тип на артикула Инвентарен номер
  Не е изгубен Universal Decimal Classification Не е повреден само за читалня ползва се в читалня 814096 Регионална библиотека "Любен Каравелов" Русе Регионална библиотека "Любен Каравелов" Русе Хранилище 2021-03-04 Хранилище 10.00 Цб 306332 120000851520 5.11 Книги  
  Не е изгубен Universal Decimal Classification Не е повреден без рестрикции заемане за дома 925688 Регионална библиотека "Любен Каравелов" Русе Регионална библиотека "Любен Каравелов" Русе Заемна - подръчен фонд 2023-03-29 Заемна - подръчен фонд 12.00 821-31/А 55 К 120000884991 6.14 Книги 120000884991
Vip Innovations Ltd, Rousse, Bulgaria 2025